000 00865nam a22002297a 4500
999 _c20718
_d20718
003 AR-CdUCM
008 190313b ||||| |||| 00| 0 spa d
040 _aMUNICIPALIDAD PROVINCIAL DEL CUSCO
_cBIBLIOTECA MUNICIPAL DEL CUSCO
082 _a978.205 /
_bB75
100 _aBosch, Juan
_917472
245 _aCrisis de la democracia de América en la República Dominicana /
260 _aMéxico :
_bCentro de estudios y documentación sociales,
_c1964.
300 _a226 páginas ;
_c17 cm.
440 _aRevista panoramas
_n14
_943276
505 _aContenido : A la muerte del tirano -- El partido revolucionario Dominicano en la hora crítica -- La juventud desviada...
650 _aRepublica Dominicana
_916593
650 _aLatinoamérica
_94398
650 _aHistoria
_9136
650 _aSistema democrática
_943277
942 _2ddc
_cLIBROS
945 _arcc